000 00285nam a22001337a 4500
008 170606b xxu||||| |||| 00| 0 eng d
020 _a2900075542574
041 _aeng
080 _a94
100 _a18
101 _aSHH
245 _aWESTERN SOCIETIES
_cTIERNEY,B
942 _2udc
_cBK
999 _c15999
_d15999